[Event "27th Heraklion Open 2019"]
[Site "Heraklion"]
[Date "2019.09.04"]
[Round "3.17"]
[White "Koumis, Filippos"]
[Black "Fragkiadakis, Nikolaos Emm"]
[Result "1-0"]
[WhiteElo "1601"]
[BlackElo "1183"]
[Annotator "NA"]
[PlyCount "61"]
[EventDate "2019.09.03"]
[EventType "swiss"]
[EventCountry "GRE"]
[SourceTitle "playchess.com"]
[Source "ChessBase"]
[SourceQuality "1"]
[TimeControl "40/5400+30:1800+30"]

1. e4 e5 2. f4 d6 3. Nf3 Nc6 4. Bc4 Be7 5. d3 Bg4 6. O-O Qd7 7. c3 Be6 8. Bb5 a6 9. Bxc6 Qxc6 10. fxe5 Bg4 11. exd6 Qxd6 12. d4 O-O-O 13. Qb3 Be6 14. Qc2 f6 15. c4 Qb6 16. c5 Qb4 17. Bd2 Qc4 18. Bc3 Bg4 19. Na3 Qe6 20. b4 Bh5 21. d5 Qf7 22. Nd4 Qg6 23. Nf5 Bf8 24. d6 Rd7 25. Nc4 Nh6 26. Bd2 Nxf5 27. exf5 Qf7 28. Bf4 g5 29. Bg3 Qe8 30. dxc7 Be2 31. Nb6# 1-0

[Event "27th Heraklion Open 2019"]
[Site "Heraklion"]
[Date "2019.09.04"]
[Round "3.18"]
[White "Roditakis, Emmanouil"]
[Black "Xirouhakis, Emmanouil"]
[Result "0-1"]
[WhiteElo "1193"]
[BlackElo "1574"]
[Annotator "NA"]
[PlyCount "100"]
[EventDate "2019.09.03"]
[EventType "swiss"]
[EventCountry "GRE"]
[SourceTitle "playchess.com"]
[Source "ChessBase"]
[SourceQuality "1"]
[TimeControl "40/5400+30:1800+30"]

1. e4 c5 2. Nf3 d6 3. d4 cxd4 4. Nxd4 Nf6 5. Nc3 a6 6. Bd3 e5 7. Nb3 Be7 8. O-O Nbd7 9. Be3 b6 10. Be2 Bb7 11. f3 O-O 12. Qd2 Rc8 13. Rfd1 b5 14. Bd3 Nb6 15. Qe2 Qc7 16. a3 Rfd8 17. Qf2 Nbd7 18. Nc1 Re8 19. N1e2 Nc5 20. Rac1 Bf8 21. Ng3 Bc6 22. b4 Ncd7 23. Nce2 Qb7 24. c4 bxc4 25. Bxc4 d5 26. exd5 Bxd5 27. Bxd5 Nxd5 28. Nf5 Nxe3 29. Nxe3 Rxc1 30. Rxc1 e4 31. f4 a5 32. Nc2 axb4 33. axb4 Nf6 34. Kh1 Nd5 35. Rb1 Qc7 36. Ned4 Nxf4 37. Qg3 Qb8 38. b5 Nd5 39. b6 Bd6 40. Qb3 Qb7 41. Qa4 Rc8 42. Qa7 Rb8 43. Nc6 Qxc6 44. b7 Qxc2 45. Ra1 Nf4 46. Rg1 Qd2 47. Qa6 Qd5 48. Rc1 Rxb7 49. Qxd6 Qxd6 50. Rc8+ Qf8 0-1

[Event "27th Heraklion Open 2019"]
[Site "Heraklion"]
[Date "2019.09.04"]
[Round "3.19"]
[White "Petratos, Georgios"]
[Black "Aggeletou, Fereniki"]
[Result "0-1"]
[WhiteElo "1567"]
[BlackElo "1178"]
[Annotator "NA"]
[PlyCount "46"]
[EventDate "2019.09.03"]
[EventType "swiss"]
[EventCountry "GRE"]
[SourceTitle "playchess.com"]
[Source "ChessBase"]
[SourceQuality "1"]
[TimeControl "40/5400+30:1800+30"]

1. e4 e5 2. Nf3 Nc6 3. Nc3 Nf6 4. d4 exd4 5. Nd5 d6 6. Nxd4 Ne7 7. Nxf6+ gxf6 8. Bc4 Ng6 9. O-O Bg7 10. Re1 O-O 11. Be3 a6 12. Qd2 b5 13. Bd5 Rb8 14. Nc6 Qe8 15. Nxb8 Kh8 16. Rad1 Rg8 17. Nc6 Nh4 18. Kh1 Bf8 19. Rg1 Bg4 20. h3 Qd7 21. hxg4 Qxg4 22. e5 Nf3 23. Bg5 Qh5+ 0-1

[Event "27th Heraklion Open 2019"]
[Site "Heraklion"]
[Date "2019.09.05"]
[Round "4.1"]
[White "Gretarsson, Helgi Ass"]
[Black "Moiseenko, Vadim"]
[Result "0-1"]
[WhiteElo "2410"]
[BlackElo "2543"]
[Annotator "TA"]
[PlyCount "90"]
[EventDate "2019.09.03"]
[EventType "swiss"]
[EventCountry "GRE"]
[SourceTitle "playchess.com"]
[Source "ChessBase"]
[SourceQuality "1"]

{[%evp 14,90,0,-52,-49,-90,-84,-98,-76,-89,138,130,124,0,0,0,0,0,0,-93,-93,-97,-97,-93,-94,-113,-113,-119,-114,-210,-192,-222,-186,-222,-234,-388,-364,-376,-389,-420,-416,-430,-402,-575,-572,-562,-562,-528,-508,-558,-510,-550,-546,-537,-512,-827,-800,-1291,-1282,-1036,-1020,-1494,-1377,-2777,-2665,-2349,-2339,-2875,-1623,-3337,-3265,-4638,-3425,-2487,-3293,-29964,-29967,-4631,-4610]} 1. c4 Nf6 2. Nc3 e6 3. e4 c5 4. Nf3 Nc6 5. d4 cxd4 6. Nxd4 Bb4 7. Nxc6 bxc6 8. e5 (8. Bd3 $11) 8... Ne4 $1 $15 {[%cal Re4c3] B44: Sicilian: Taimanov: 5 Nb5} 9. Qg4 (9. a3 Bxc3+ 10. bxc3 Qa5 11. Qd4 Rb8 12. Be3 d5 13. exd6 e5 14. Qd3 O-O 15. f3 Nc5 16. Bxc5 Qxc5 {½-½ (54) Arvola,B (2456)-Agdestein,S (2581) Norway 2017}) 9... Nxc3 10. a3 Qa5 {Black is better.} 11. Qxg7 Ne2+ $146 (11... Rf8 $17 {aiming for ...Ne4+.} 12. Bd3 Ba6) ({Predecessor:} 11... Rf8 12. Bd3 Ba6 13. axb4 Qxa1 14. O-O O-O-O 15. bxc3 Qxc3 16. b5 Qxd3 17. bxa6 {1-0 (35) Ther,M (1806)-Shaw,P (2089) Harrogate 2019}) 12. Kxe2 $16 ({Don't take} 12. axb4 $6 Qxa1 13. Qxh8+ Ke7 $14) 12... Rf8 13. axb4 (13. Bg5 $16 h6 14. Bxh6) 13... Qxa1 $11 14. Bh6 {[%csl Gh6][%cal Rg7f8]} Qxb2+ {[%mdl 64] Double Attack} 15. Ke3 {[%csl Gh6][%cal Rg7f8]} Qxb4 16. Ke4 {[#]} (16. Qxf8+ $11 Qxf8 17. Bxf8 Kxf8 18. Bd3) 16... Bb7 $1 $17 17. Qxf8+ Qxf8 18. Bxf8 {[#] Strongly threatening Bc5.} c5+ $1 19. Kd3 Kxf8 {[%mdl 4096] Endgame KRB-KRB} 20. Kc3 Ke7 21. f3 (21. Rg1 $17) 21... Rg8 $19 22. h4 h5 23. Rh2 d6 24. g4 $2 (24. exd6+ {was necessary.} Kxd6 25. Be2) 24... dxe5 25. Ra2 a6 26. g5 f6 27. gxf6+ Kxf6 28. Be2 {[#]} (28. Kd2 $142) 28... Bxf3 $1 {[%mdl 512]} 29. Bxf3 {KRB-KR} Rg3 30. Ra5 Rxf3+ {KR-KR} 31. Kd2 Rf4 32. Rxc5 Rxh4 33. Rc7 a5 34. Kd3 (34. c5 $142 a4 35. Ra7) 34... Rh3+ 35. Kc2 e4 36. c5 Ke5 37. Rd7 {[#]} Rd3 $1 38. c6 (38. Rxd3 exd3+) 38... Rd6 39. c7 Rc6+ 40. Kd2 h4 41. Ke3 a4 42. Rh7 Kd6 43. Rxh4 Rxc7 44. Rxe4 Ra7 45. Rd4+ Ke5 {Accuracy: White = 20%, Black = 82%.} 0-1

[Event "27th Heraklion Open 2019"]
[Site "Heraklion"]
[Date "2019.09.05"]
[Round "4.2"]
[White "Levin, Evgeny A."]
[Black "Bogdanov, Egor"]
[Result "1-0"]
[WhiteElo "2511"]
[BlackElo "2422"]
[Annotator "TA"]
[PlyCount "55"]
[EventDate "2019.09.03"]
[EventType "swiss"]
[EventCountry "GRE"]
[SourceTitle "playchess.com"]
[Source "ChessBase"]
[SourceQuality "1"]

{[%evp 20,55,106,101,89,74,111,118,76,117,164,153,202,206,180,148,256,247,256,271,277,282,281,264,295,214,350,330,326,328,379,372,336,329,464,428,689,676]} 1. d4 Nf6 2. c4 g6 3. Nc3 Bg7 4. e4 d6 5. f3 O-O 6. Be3 e5 7. d5 c6 8. Qd2 cxd5 9. cxd5 Nh5 10. g4 Nf4 11. Nge2 (11. Bxf4 $6 exf4 12. O-O-O (12. Qxf4 Qb6 $15) 12... Nd7 $11) 11... Nd7 {E88: King's Indian: Sämisch: 6...e5 7 d5 c6} 12. O-O-O a6 13. h4 (13. Kb1 b5 14. Rc1 Rb8 15. h4 Nxe2 16. Bxe2 Nb6 17. h5 Bf6 18. g5 {1-0 (34) Jones,G (2635)-Morrison,G (2348) England 2012}) 13... b5 {White is better.} 14. Kb1 Nxe2 $146 ({Predecessor:} 14... Nb6 15. b3 b4 16. Bxb6 Qxb6 17. Na4 Qa5 18. Qe3 {0-1 (53) Bantle,M (2040)-Michalek,J (2300) Plzen 1998}) 15. Nxe2 ({Don't play} 15. Bxe2 Bb7 $16) ({Don't take} 15. Qxe2 Nc5 $16) 15... f5 16. gxf5 gxf5 17. exf5 Nc5 (17... Rxf5 $16 18. h5 Rxf3) 18. Bh3 $18 Bxf5+ 19. Bxf5 Rxf5 20. Bxc5 dxc5 21. d6 Kh8 22. Qd5 Qf8 {[#]} (22... Qg8 $142 23. Ng3 Qxd5 24. Rxd5 Rxf3) 23. Ng3 $1 {[%cal Be2g3,Bg3e4,Be4g5,Bg5e6,Be6g7][%mdl 32]} Rxf3 24. Ne4 Rd8 25. Ng5 Qf5+ 26. Ka1 Rf2 (26... e4 $142 27. Nxf3 Qf6) 27. Ne6 Rg8 (27... Rd7 $142 28. Rhg1 (28. Qxc5 Qc2 $16) 28... e4) 28. Nxg7 {Accuracy: White = 90%, Black = 34%.} 1-0

[Event "27th Heraklion Open 2019"]
[Site "Heraklion"]
[Date "2019.09.05"]
[Round "4.3"]
[White "Hulshof, Peter"]
[Black "Mirzoev, Emil"]
[Result "0-1"]
[WhiteElo "2180"]
[BlackElo "2477"]
[Annotator "TA"]
[PlyCount "40"]
[EventDate "2019.09.03"]
[EventType "swiss"]
[EventCountry "GRE"]
[SourceTitle "playchess.com"]
[Source "ChessBase"]
[SourceQuality "1"]

{[%evp 9,39,-29,-34,-17,-32,-36,-38,-40,0,-77,-7,-32,15,10,7,-31,-31,-62,-37,-48,-45,-23,-45,-585,-381,-29989,-29990,-29991,-29992,-29998,-29999,-29999]} 1. e4 e6 2. Qe2 Be7 3. b3 d5 (3... c5 4. Bb2 Nf6 5. e5 Nd5 6. g3 Nc6 7. Bg2 O-O 8. Nf3 d6 9. O-O dxe5 10. Nxe5 Nd4 11. Qd1 {0-1 (39) Varga,Z (2445)-Fang,Y (2435) Kecskemet 2016}) 4. exd5 exd5 5. Bb2 Nf6 6. Bxf6 {C00: French: Unusual White 2nd moves} gxf6 7. Qf3 Rg8 $146 ({Predecessor:} 7... Nc6 8. Bb5 O-O 9. Bxc6 bxc6 10. Ne2 {½-½ (10) Hulshof,P (2163)-Christensen,S (2304) Hoogeveen 2007}) 8. Nc3 {Black is slightly better.} d4 9. Ne4 (9. Nd5 $11) 9... Nc6 (9... Bg4 $17 10. Qf4 Nc6) 10. Bb5 $11 Bg4 11. Bxc6+ $1 bxc6 12. Qf4 Qd5 $36 {[%mdl 2048] White must now prevent ...f5. Black has some pressure.} 13. f3 Be6 14. Nxf6+ Bxf6 15. Qxf6 Rxg2 {aiming for ...Kd7.} 16. Qh8+ $2 {[%mdl 8192]} (16. Ne2 $1 $15) 16... Kd7 17. Qxa8 $2 (17. Qf6 $19) 17... Qe5+ {Black mates.} 18. Kf1 {[#]} Bh3 $1 {[%mdl 512]} 19. Re1 {[#]} (19. Nxh3 Qe2#) 19... Rxg1+ $1 {[%mdl 576] Deflection, Back Rank} 20. Kxg1 Qxe1# {Accuracy: White = 44%, Black = 37%.} 0-1

[Event "27th Heraklion Open 2019"]
[Site "Heraklion"]
[Date "2019.09.05"]
[Round "4.4"]
[White "Peng, Li Min"]
[Black "Namini, Armin"]
[Result "1-0"]
[WhiteElo "2465"]
[BlackElo "2251"]
[Annotator "TA"]
[PlyCount "83"]
[EventDate "2019.09.03"]
[EventType "swiss"]
[EventCountry "GRE"]
[SourceTitle "playchess.com"]
[Source "ChessBase"]
[SourceQuality "1"]

{[%evp 21,83,19,32,26,17,31,93,30,89,89,88,81,79,75,86,68,128,131,120,128,128,136,140,118,120,114,121,77,115,110,212,175,216,235,319,299,343,325,471,347,1080,1171,1027,1032,915,687,687,687,669,652,808,619,708,265,823,770,1085,1272,1379,1348,4360,2158,5047,4082]} 1. d4 Nf6 2. c4 g6 3. Nf3 Bg7 4. g3 O-O 5. Bg2 d6 6. O-O Nbd7 7. Nc3 e5 8. e4 a6 9. Re1 exd4 10. Nxd4 Ng4 11. h3 Qf6 12. hxg4 {[#] Threatens to win with Nf3. E68: King's Indian: Fianchetto: 6...Nbd7 7 0-0 e5 8 e4} Qxd4 13. Nd5 c6 (13... Qxd1 $14 14. Rxd1 Ne5) 14. Ne7+ $16 {White is better.} Kh8 {[#]} 15. Bf4 $1 Qxd1 16. Raxd1 Ne5 17. Nxc8 (17. Rxd6 $2 Bxg4 18. f3 Bxf3 $17) 17... Rfxc8 $146 ({Predecessor:} 17... Raxc8 18. b3 Rfd8 19. Bd2 b6 {1-0 (77) Tregubov,P (2647)-Aguettaz,M (2396) France 2009}) 18. b3 b5 (18... Rd8 $14) 19. Rxd6 bxc4 20. bxc4 Nxc4 21. Rd7 Ne5 22. Bxe5 $1 Bxe5 23. f4 Bc3 24. Rc1 Bb2 25. Rc2 Rab8 (25... Ra7 $16 {is a better defense.}) 26. Bf1 c5 27. Bxa6 Rc6 28. Bc4 Bd4+ 29. Kg2 f6 (29... Rbc8 $142 30. Rxf7 R6c7 31. Rxc7 Rxc7) 30. Kf3 $18 {Hoping for Rh2!} Rb2 $2 (30... Rcb6 31. Rh2 h5 32. gxh5 g5 33. fxg5 Rb4) 31. Rxb2 Bxb2 {[%mdl 4096] Endgame KRB-KRB} 32. a4 Bc3 33. Rd3 Ba5 34. e5 fxe5 35. fxe5 Rc7 36. Rd8+ Kg7 37. Rg8+ Kh6 38. Ra8 {White is clearly winning.} Bc3 39. e6 Bf6 40. a5 {[%cal Ba4a5,Ba5a6][%mdl 32]} Rb7 41. a6 Rb4 42. Rf8 {Accuracy: White = 93%, Black = 39%.} 1-0

[Event "27th Heraklion Open 2019"]
[Site "Heraklion"]
[Date "2019.09.05"]
[Round "4.5"]
[White "Lithoxoos, Theodoros"]
[Black "Ivanov, Mike"]
[Result "0-1"]
[WhiteElo "1685"]
[BlackElo "2177"]
[Annotator "ChessBase"]
[PlyCount "50"]
[EventDate "2019.09.03"]
[EventType "swiss"]
[EventCountry "GRE"]
[SourceTitle "playchess.com"]
[Source "ChessBase"]
[SourceQuality "1"]
[TimeControl "40/5400+30:1800+30"]

1. Nf3 Nc6 2. g3 e5 3. e4 f5 4. d3 Nf6 5. Nbd2 Bc5 6. Bg2 d6 7. O-O O-O 8. c3 Kh8 9. b4 Bb6 10. exf5 Bxf5 11. Nc4 e4 12. dxe4 Nxe4 13. Nxb6 axb6 14. Nh4 Nxc3 15. Qh5 Bd3 16. Bb2 Qf6 17. Kh1 Nxb4 18. Rfc1 Nc2 19. Rxc2 Bxc2 20. Rc1 Ra5 21. Qxa5 bxa5 22. Rxc2 Qd4 23. Bf1 Rxf2 24. Bxc3 Rxf1+ 25. Kg2 Qe4+ 0-1

[Event "27th Heraklion Open 2019"]
[Site "Heraklion"]
[Date "2019.09.05"]
[Round "4.6"]
[White "Burnett, Leon P"]
[Black "Bras, Emmanouel"]
[Result "1/2-1/2"]
[WhiteElo "1849"]
[BlackElo "1838"]
[Annotator "NA"]
[PlyCount "58"]
[EventDate "2019.09.03"]
[EventType "swiss"]
[EventCountry "GRE"]
[SourceTitle "playchess.com"]
[Source "ChessBase"]
[SourceQuality "1"]
[TimeControl "40/5400+30:1800+30"]

1. c4 e5 2. g3 Nf6 3. Bg2 d5 4. cxd5 Nxd5 5. Nc3 Nb6 6. Nf3 Nc6 7. O-O Be7 8. Rb1 O-O 9. b4 a6 10. a3 f5 11. d3 Be6 12. Bb2 Bf6 13. Na4 Nxa4 14. Qxa4 Qe8 15. Nd2 Rb8 16. Rfc1 Bd7 17. Qd1 Qd8 18. Nb3 Nd4 19. Bxd4 exd4 20. Nc5 c6 21. Nxd7 Qxd7 22. a4 Rfc8 23. Qb3+ Qf7 24. b5 Qxb3 25. Rxb3 cxb5 26. Rxc8+ Rxc8 27. Bd5+ Kf8 28. axb5 Rc5 29. Bxb7 Rxb5 1/2-1/2

[Event "27th Heraklion Open 2019"]
[Site "Heraklion"]
[Date "2019.09.05"]
[Round "4.7"]
[White "Lirindzakis, Timotheos"]
[Black "Ergazaki, Eirini"]
[Result "1-0"]
[WhiteElo "2157"]
[BlackElo "1336"]
[Annotator "ChessBase"]
[PlyCount "63"]
[EventDate "2019.09.03"]
[EventType "swiss"]
[EventCountry "GRE"]
[SourceTitle "playchess.com"]
[Source "ChessBase"]
[SourceQuality "1"]
[TimeControl "40/5400+30:1800+30"]

1. d4 d5 2. c4 e6 3. Nf3 Nf6 4. Nc3 Be7 5. Bf4 a6 6. e3 O-O 7. h3 Nbd7 8. c5 Nb8 9. Bd3 b6 10. b4 bxc5 11. bxc5 a5 12. Rb1 Ba6 13. O-O Bxd3 14. Qxd3 c6 15. Rb7 Nbd7 16. Qc2 h6 17. Rfb1 Qc8 18. Rc7 Qa6 19. Ne5 Nxe5 20. dxe5 Bd8 21. exf6 Bxc7 22. Bxc7 gxf6 23. Ne2 f5 24. Bd6 Rfe8 25. Nd4 Qc8 26. Rb6 Ra6 27. Nxc6 Rxb6 28. cxb6 Qb7 29. Bc7 Ra8 30. Nd8 Qa6 31. Qc6 Kf8 32. b7 1-0

[Event "27th Heraklion Open 2019"]
[Site "Heraklion"]
[Date "2019.09.05"]
[Round "4.8"]
[White "Mavridis, Athanasios"]
[Black "Fasching, Markus"]
[Result "1/2-1/2"]
[WhiteElo "1493"]
[BlackElo "2029"]
[Annotator "NA"]
[PlyCount "128"]
[EventDate "2019.09.03"]
[EventType "swiss"]
[EventCountry "GRE"]
[SourceTitle "playchess.com"]
[Source "ChessBase"]
[SourceQuality "1"]
[TimeControl "40/5400+30:1800+30"]

1. Nf3 d5 2. c4 e6 3. g3 dxc4 4. Qa4+ Nd7 5. Bg2 a6 6. Qxc4 b5 7. Qc2 Bb7 8. O-O c5 9. d3 Ngf6 10. a4 Be7 11. Bd2 {A13: English Opening: 1...e6} (11. Nc3 Qb6 12. Qb3 b4 13. a5 Qd8 14. Nb1 Bd5 15. Qc2 O-O 16. Nbd2 Nb8 17. Rd1 Ra7 18. e4 Ba8 19. Nb3 {0-1 (49) Nakamura,H (2776)-Kramnik,V (2783) Zuerich 2015}) 11... O-O 12. axb5 axb5 13. Na3 $146 ({Predecessor:} 13. Rxa8 Qxa8 14. Qb3 Bc6 15. Na3 Rb8 16. Ra1 b4 17. Nc2 Bd5 18. Rxa8 Rxa8 {½-½ (67) Caprino,M-Inkiov,V Palmanova 2018}) 13... Qb6 14. Qb1 Rfc8 15. Rc1 Nd5 16. Ne1 h5 17. Nec2 h4 18. Ne3 hxg3 19. hxg3 N7f6 20. Nac2 Bd6 21. Rxa8 Bxa8 22. b4 Rb8 23. Qb2 Nd7 24. Nxd5 exd5 25. bxc5 Bxc5 26. Be3 Bxe3 27. Nxe3 Nf6 28. Rb1 Bc6 29. Nc2 Bd7 30. Nd4 Qc5 31. e3 Rc8 32. Bf3 Ne8 33. Kg2 Nc7 34. Qb3 Ra8 35. Qb2 Qd6 36. Rc1 Rb8 37. Qb3 b4 38. Rb1 Be6 39. Qa4 Rb6 40. Nc2 Bd7 41. Qb3 Bc6 ({Black should play} 41... Be6 $11) 42. Nd4 Bb7 43. Qa4 Ne6 44. Qe8+ Qf8 45. Qxf8+ Kxf8 46. Nxe6+ fxe6 47. Kf1 Ke7 48. Ke2 Kd6 49. Kd2 Kc5 50. Bd1 e5 51. Rc1+ Kd6 52. Bb3 Ba6 53. Ra1 d4 54. Ra4 g5 55. Ra5 Bb5 56. Ra8 Ke7 57. Ra7+ Kf6 58. Rf7+ Kg6 59. Re7 Rf6 $11 60. Rxe5 Rxf2+ 61. Ke1 Rb2 62. Rxb5 Rxb3 63. exd4 Rxd3 64. Rxb4 Rxg3 1/2-1/2

[Event "27th Heraklion Open 2019"]
[Site "Heraklion"]
[Date "2019.09.05"]
[Round "4.9"]
[White "Alquist, Erik"]
[Black "Vlatas, Dimitrios"]
[Result "1-0"]
[WhiteElo "2020"]
[BlackElo "1393"]
[Annotator "NA"]
[PlyCount "53"]
[EventDate "2019.09.03"]
[EventType "swiss"]
[EventCountry "GRE"]
[SourceTitle "playchess.com"]
[Source "ChessBase"]
[SourceQuality "1"]
[TimeControl "40/5400+30:1800+30"]

1. e4 Nf6 2. e5 Nd5 3. d4 d6 4. c4 Nb6 5. Nf3 g6 6. exd6 cxd6 7. Be3 Bg7 8. Nc3 O-O 9. h3 Qc7 10. Nb5 Qd8 11. Rc1 Nc6 12. Be2 a6 13. Nc3 f5 14. Qd2 Nd7 15. O-O e5 16. Bg5 Nf6 17. Rcd1 e4 18. Nh4 Qe8 19. f3 exf3 20. Bxf3 Ne4 21. Bxe4 Bxd4+ 22. Be3 Bxc3 23. Bd5+ Be6 24. Qxc3 Bxd5 25. Rxd5 Qe4 26. Bh6 Rf7 27. Nf3 1-0

[Event "27th Heraklion Open 2019"]
[Site "Heraklion"]
[Date "2019.09.05"]
[Round "4.10"]
[White "Matthaiaki, Nefeli"]
[Black "Putrenko, Kirill"]
[Result "0-1"]
[WhiteElo "1306"]
[BlackElo "1974"]
[Annotator "NA"]
[PlyCount "66"]
[EventDate "2019.09.03"]
[EventType "swiss"]
[EventCountry "GRE"]
[SourceTitle "playchess.com"]
[Source "ChessBase"]
[SourceQuality "1"]
[TimeControl "40/5400+30:1800+30"]

1. e4 c5 2. Nf3 d6 3. d4 cxd4 4. Nxd4 Nf6 5. Nc3 a6 6. Be3 e6 7. f3 b5 8. g3 Bb7 9. Qd2 Nbd7 10. Bg2 b4 11. Nd1 d5 12. exd5 Nxd5 13. O-O N7b6 14. b3 Bc5 15. Bf2 O-O 16. f4 Qd7 17. Nf3 Qc7 18. Kh1 Rfd8 19. Qe1 Rac8 20. c4 bxc3 21. Nxc3 Bxf2 22. Nxd5 Bxe1 23. Nxc7 Bb4 24. Rac1 Bd6 25. Nxa6 Bxa6 26. Rfd1 Rxc1 27. Rxc1 Rc8 28. Rd1 Nd5 29. a4 Bb4 30. h4 Rc2 31. Nd4 Rxg2 32. Nc6 Rd2 33. Rxd2 Bxd2 0-1

[Event "27th Heraklion Open 2019"]
[Site "Heraklion"]
[Date "2019.09.05"]
[Round "4.11"]
[White "Kotsinis, Alexandros"]
[Black "Tsapaki, Asimenia"]
[Result "1-0"]
[WhiteElo "1951"]
[BlackElo "1460"]
[Annotator "NA"]
[PlyCount "75"]
[EventDate "2019.09.03"]
[EventType "swiss"]
[EventCountry "GRE"]
[SourceTitle "playchess.com"]
[Source "ChessBase"]
[SourceQuality "1"]
[TimeControl "40/5400+30:1800+30"]

1. d4 f5 2. Bg5 g6 3. e3 Bg7 4. Nf3 d6 5. c4 h6 6. Bf4 g5 7. Bg3 e6 8. Nc3 Bd7 9. Bd3 Qe7 10. Qc2 Nc6 11. a3 O-O-O 12. b4 Rf8 13. b5 Nb8 14. Rc1 e5 15. c5 f4 16. Nd5 Qd8 17. cxd6 c6 18. Bh7 Qa5+ 19. Kd1 Nf6 20. bxc6 Nxc6 21. Ne7+ Kd8 22. Nxc6+ Bxc6 23. Nxe5 Ba4 24. Bf5 Nd5 25. Be6 fxe3 26. Ke2 Bxc2 27. Rxc2 Qb5+ 28. Nd3 Nb6 29. Rhc1 Qc6 30. Rxc6 bxc6 31. fxe3 Re8 32. Nc5 Rxe6 33. Nxe6+ Kd7 34. Nxg7 Rf8 35. e4 Nc8 36. e5 Rg8 37. e6+ Kd8 38. e7+ 1-0

[Event "27th Heraklion Open 2019"]
[Site "Heraklion"]
[Date "2019.09.05"]
[Round "4.12"]
[White "Stathatos, Alexandros"]
[Black "Atakay, Mustafa"]
[Result "0-1"]
[WhiteElo "1387"]
[BlackElo "1866"]
[Annotator "NA"]
[PlyCount "124"]
[EventDate "2019.09.03"]
[EventType "swiss"]
[EventCountry "GRE"]
[SourceTitle "playchess.com"]
[Source "ChessBase"]
[SourceQuality "1"]
[TimeControl "40/5400+30:1800+30"]

1. e4 c6 2. d4 d5 3. exd5 cxd5 4. Bd3 Nc6 5. c3 Qc7 6. Nf3 Bg4 7. O-O e6 8. Re1 Bd6 9. h3 Bh5 10. Nbd2 Nf6 11. Nf1 O-O 12. Bg5 a6 13. Qc2 Bg6 14. Bxg6 hxg6 15. Bh4 Ne4 16. N1d2 Nxd2 17. Qxd2 Bf4 18. Qd3 b5 19. Bg5 Bd6 20. Bd2 Be7 21. Ne5 Nxe5 22. Rxe5 Bf6 23. Re2 Rfc8 24. Qf3 a5 25. Rc1 Ra6 26. Bf4 Qd8 27. Qd3 Bg5 28. Bxg5 Qxg5 29. Rec2 Rb6 30. b3 Qf5 31. Qxf5 gxf5 32. Kf1 Kf8 33. Ke2 g5 34. Kd3 Ke7 35. c4 bxc4+ 36. bxc4 dxc4+ 37. Rxc4 Rxc4 38. Rxc4 Rb2 39. Rc2 Rb4 40. Rc4 Rb1 41. Rc2 Kd6 42. Ke3 f4+ 43. Kd3 Rg1 44. f3 Rb1 45. Rc5 Rb2 46. Rc2 Rb5 47. Rc4 f6 48. Rc2 Kd5 49. Rc4 Kd6 50. Rc2 Rb1 51. Rc5 Rg1 52. Rc2 Kd5 53. Rc5+ Kd6 54. Rc2 Re1 55. Re2 Rxe2 56. Kxe2 Kd5 57. Kd3 a4 58. a3 e5 59. dxe5 fxe5 60. Kc3 e4 61. fxe4+ Kxe4 62. Kd2 Kd4 0-1

[Event "27th Heraklion Open 2019"]
[Site "Heraklion"]
[Date "2019.09.05"]
[Round "4.13"]
[White "Fragkiadakis, Emmanouel"]
[Black "Mavridis, Emmanouel"]
[Result "1-0"]
[WhiteElo "1743"]
[BlackElo "1268"]
[Annotator "NA"]
[PlyCount "111"]
[EventDate "2019.09.03"]
[EventType "swiss"]
[EventCountry "GRE"]
[SourceTitle "playchess.com"]
[Source "ChessBase"]
[SourceQuality "1"]
[TimeControl "40/5400+30:1800+30"]

1. d4 d5 2. Bf4 Nf6 3. e3 Bf5 4. Nf3 e6 5. c4 Bb4+ 6. Nc3 O-O 7. Qb3 Bxc3+ 8. bxc3 b6 9. Be2 Nc6 10. O-O Na5 11. Qb4 Nc6 12. Qa4 Ne7 13. Ne5 Ne4 14. Rfc1 Ng6 15. Nxg6 Bxg6 16. cxd5 exd5 17. Qc6 Re8 18. Qxc7 Qxc7 19. Bxc7 Rac8 20. Bf4 Rxc3 21. f3 Rec8 22. Rxc3 Nxc3 23. Ba6 Rc6 24. a4 h6 25. Bb8 Re6 26. Kf2 Re7 27. Ra3 Nb1 28. Rb3 Kh7 29. Ke2 Re8 30. Bc7 Re7 31. Bg3 Re6 32. Bd3 Rc6 33. Rxb1 Bxd3+ 34. Kxd3 Rc4 35. Ra1 Kg6 36. Be1 Kf6 37. a5 b5 38. a6 Rc6 39. Bb4 Rc4 40. Bc5 b4 41. Ra4 Rc3+ 42. Kd2 Rb3 43. Rxb4 Rxb4 44. Bxb4 Ke6 45. Bc5 Kd7 46. Bxa7 Kc6 47. Bc5 g6 48. e4 dxe4 49. fxe4 f6 50. d5+ Kxc5 51. a7 Kd4 52. a8=Q f5 53. Qa4+ Ke5 54. Qe8+ Kd4 55. exf5 Kxd5 56. fxg6 1-0

[Event "27th Heraklion Open 2019"]
[Site "Heraklion"]
[Date "2019.09.05"]
[Round "4.14"]
[White "Kealar, Ioannis"]
[Black "Koutsourakis, Ioannis"]
[Result "1/2-1/2"]
[WhiteElo "1240"]
[BlackElo "1739"]
[Annotator "NA"]
[PlyCount "89"]
[EventDate "2019.09.03"]
[EventType "swiss"]
[EventCountry "GRE"]
[SourceTitle "playchess.com"]
[Source "ChessBase"]
[SourceQuality "1"]
[TimeControl "40/5400+30:1800+30"]

1. e4 e5 2. Nf3 Nc6 3. Bc4 Bc5 4. d3 Nf6 5. Nc3 d6 6. Be3 Bb6 7. Qd2 Be6 8. Bb3 Qd7 9. O-O h6 10. Ne2 Bg4 11. Ng3 Bxf3 12. gxf3 Ne7 13. Kh1 d5 14. c3 d4 15. cxd4 Bxd4 16. Bxd4 Qxd4 17. Rg1 Qd6 18. Ne2 g5 19. d4 O-O-O 20. d5 Nh5 21. Rac1 Kb8 22. Qa5 Rhf8 23. Nc3 a6 24. Na4 Nf6 25. Rc3 Nd7 26. Rgc1 Rc8 27. Nc5 Nxc5 28. Qxc5 Qxc5 29. Rxc5 f5 30. Ba4 Rfd8 31. b4 fxe4 32. fxe4 b6 33. R5c3 b5 34. Bb3 Rf8 35. f3 Rf6 36. a4 Rb6 37. axb5 axb5 38. Rc5 Kb7 39. Ra1 Rb8 40. Rac1 Rc8 41. Bd1 Ng6 42. Be2 c6 43. Bf1 Nf4 44. dxc6+ Rcxc6 45. Bxb5 1/2-1/2